UITU Library & LRC     

Fashion Accessories using Smart Mirror (Record no. 33461)

MARC details
000 -LEADER
fixed length control field 00618nam a2200145Ia 4500
008 - FIXED-LENGTH DATA ELEMENTS--GENERAL INFORMATION
fixed length control field 260210s9999 xx 000 0 und d
024 ## - OTHER STANDARD IDENTIFIER
Standard number or code 17B-068-SE, 17B-069-SE, 17B-081-SE, 17B-081-SE, 17B-091-SE & 17B-131-SE
082 ## - DEWEY DECIMAL CLASSIFICATION NUMBER
Classification number 005.77072 WAJ
100 ## - MAIN ENTRY--PERSONAL NAME
Personal name Wajeeha Safdar, Arabish Gul, Ghazal Jokhio, Sumbul Rana & Komal Ayub
245 #0 - TITLE STATEMENT
Title Fashion Accessories using Smart Mirror
260 ## - PUBLICATION, DISTRIBUTION, ETC.
Place of publication, distribution, etc. Karachi:
Name of publisher, distributor, etc. UITU,
Date of publication, distribution, etc. 2017
600 ## - SUBJECT ADDED ENTRY--PERSONAL NAME
Personal name Software Engineering
650 ## - SUBJECT ADDED ENTRY--TOPICAL TERM
Topical term or geographic name entry element Bachelor of Computer Science (BS)
856 ## - ELECTRONIC LOCATION AND ACCESS
Uniform Resource Identifier <a href="https://drive.google.com/file/d/1HE89GflCiYD3QspcoR74WZx37EYz4AZ0/view?usp=sharing">https://drive.google.com/file/d/1HE89GflCiYD3QspcoR74WZx37EYz4AZ0/view?usp=sharing</a>
Link text Click here for PDF

No items available.

Powered by Koha